Top 15 Strongest Jujutsu Kaisen Characters - Statistics

General Stats
  • This quiz has been taken 413 times
  • The average score is 11 of 15
Answer Stats
Rank Answer % Correct
1 Gojo Satoru
100%
2 Ryomen Sukuna
98%
11 Itadori Yuji
95%
5 Okkotsu Yuta
87%
8 Fushiguro Toji
84%
9 Zen'in Maki
84%
15 Geto Suguru
82%
13 Mahito
79%
14 Jogo
76%
3 Kenjaku
76%
4 Tsukumo Yuki
75%
10 Hakari Kinji
67%
6 Kashimo Hajime
56%
7 Mahoraga
54%
12 Yorozu
32%
No matching quizzes found
Score Distribution
Percent of People with Each Score
Percentile by Number Answered
Your Score History
You have not taken this quiz